| 000 | 00707nam a22002297a 4500 | ||
|---|---|---|---|
| 005 | 20170124110225.0 | ||
| 010 | _aB-158366 | ||
| 020 |
_a9788189557140 _c795.00 |
||
| 035 | _aB-158366 | ||
| 037 | _bCen Lib/Ret | ||
| 040 |
_aDPL _bEN |
||
| 082 |
_a915.4 _bTOU |
||
| 245 |
_aTourism the cultural heritage / _cedited by Romila Chawla |
||
| 260 |
_aNew Delhi _bArise Publishers _c2006 |
||
| 270 |
_a4648/1,21, Ansari Road Darya Ganj _bNew Delhi _e110002 |
||
| 300 |
_a336p. _c21cm(Hb) |
||
| 500 | _aIncludes bibliographical reference | ||
| 650 |
_aTourism _9112603 |
||
| 650 |
_aIndia--Cultural property _940644 |
||
| 700 |
_aChawla, Romila _910555 |
||
| 942 |
_2ddc _cEN _h915.4 _mTOU |
||
| 999 |
_c134407 _d134407 |
||